Your Secreed Self (Record no. 322096)
[ view plain ]
| 000 -LEADER | |
|---|---|
| fixed length control field | 00288 a2200121 4500 |
| 001 - CONTROL NUMBER | |
| control field | 87023 |
| 003 - CONTROL NUMBER IDENTIFIER | |
| control field | NUST |
| 005 - DATE AND TIME OF LATEST TRANSACTION | |
| control field | 20180124122821.0 |
| 008 - FIXED-LENGTH DATA ELEMENTS--GENERAL INFORMATION | |
| fixed length control field | 180124b xxu||||| |||| 00| 0 eng d |
| 082 ## - DEWEY DECIMAL CLASSIFICATION NUMBER | |
| Classification number | 291.44 DYE |
| 100 ## - MAIN ENTRY--PERSONAL NAME | |
| Personal name | Dyer, Wayne |
| 9 (RLIN) | 9689 |
| 245 ## - TITLE STATEMENT | |
| Title | Your Secreed Self |
| Medium | English |
| 260 ## - PUBLICATION, DISTRIBUTION, ETC. | |
| Place of publication, distribution, etc. | New York |
| Name of publisher, distributor, etc. | Quill, Harper Collins |
| Date of publication, distribution, etc. | 2001 |
| 300 ## - PHYSICAL DESCRIPTION | |
| Extent | xii+379p |
| 942 ## - ADDED ENTRY ELEMENTS (KOHA) | |
| Institution code [OBSOLETE] | AHQ |
| Koha item type | Book |
| Call number prefix | 291.44 DYE |
| Source of classification or shelving scheme | |
| Withdrawn status | Lost status | Damaged status | Not for loan | Collection code | Permanent Location | Current Location | Date acquired | Total Checkouts | Full call number | Barcode | Date last seen | Price effective from | Koha item type |
|---|---|---|---|---|---|---|---|---|---|---|---|---|---|
| College of Aeronautical Engineering (CAE) | College of Aeronautical Engineering (CAE) | 04/03/2017 | 291.44 DYE | CAE85052 | 04/05/2017 | 04/05/2017 | Book |
